Nature based solutions to support the ecosystem of sewri mangrove (Record no. 531616)
[ view plain ]
| 000 -LEADER | |
|---|---|
| fixed length control field | 01242nam a22001337a 4500 |
| 008 - FIXED-LENGTH DATA ELEMENTS--GENERAL INFORMATION | |
| fixed length control field | 250918b ||||| |||| 00| 0 eng d |
| 100 ## - MAIN ENTRY--PERSONAL NAME | |
| Personal name | Mitra, Rangeet |
| 245 ## - TITLE STATEMENT | |
| Title | Nature based solutions to support the ecosystem of sewri mangrove |
| 260 ## - PUBLICATION, DISTRIBUTION, ETC. (IMPRINT) | |
| Place of publication, distribution, etc | Indian Institute of Public Administration Digest |
| 300 ## - PHYSICAL DESCRIPTION | |
| Extent | 6(3), Jul-Sep, 2024: p.40-43 |
| 520 ## - SUMMARY, ETC. | |
| Summary, etc | According to Clough (2013), Tomlinson (1986), “Mangrove forests are trees, shrubs and ferns that occupy the inter-tidal areas between land and sea of tropical and subtropical regions.” Because oftheir great capacity to trap carbon dioxide, they rank among the most productive ecosystems and contribute significantly in reducing the amount of carbon dioxide in the atmosphere. Mangroves span around 1,37,760 km throughout the globe, with approximately 3.5% of the total area—4921 km—occupying India. With an area of 304 km2, the Indian state of Maharashtra provides 6.2% of the country's total mangrove cover. Mangroves cover 66 km2 along the Mumbai shoreline. – Reproduced https://www.iipa.org.in/GyanKOSH/posts/nature-based-solutions-to-support-the-ecosystem-of-sewri-mangrove |
| 773 ## - HOST ITEM ENTRY | |
| Main entry heading | Indian Institute of Public Administration Digest |
| 942 ## - ADDED ENTRY ELEMENTS (KOHA) | |
| Item type | Articles |
| Withdrawn status | Lost status | Source of classification or shelving scheme | Damaged status | Not for loan | Permanent location | Current location | Date acquired | Serial Enumeration / chronology | Barcode | Date last seen | Koha item type |
|---|---|---|---|---|---|---|---|---|---|---|---|
| Indian Institute of Public Administration | Indian Institute of Public Administration | 2025-09-18 | 6(3), Jul-Sep, 2024: p.40-43 | AR137293 | 2025-09-18 | Articles |
